Zaveden volný floating realu brazilská krize
Útok špekulantov na menu Brazílie. Reakcia trhov na vyhlásenie volného floatingu realu.
Guardado en:
| Autor principal: | |
|---|---|
| Formato: | Capítulo de libro |
| Lenguaje: | checo |
| Materias: | |
| Etiquetas: |
Sin Etiquetas, Sea el primero en etiquetar este registro!
|
MARC
| LEADER | 00000naa a2200000 4500 | ||
|---|---|---|---|
| 001 | r034021 | ||
| 005 | 20230920095735.7 | ||
| 041 | 0 | |a cze | |
| 044 | |a CZ | ||
| 245 | 1 | 0 | |a Zaveden volný floating realu |b brazilská krize |c Karel Růžička |
| 520 | |a Útok špekulantov na menu Brazílie. Reakcia trhov na vyhlásenie volného floatingu realu. | ||
| 610 | 2 | 0 | |a trh finančný |
| 610 | 2 | 0 | |a Brazília |
| 610 | 2 | 0 | |a mena |
| 610 | 2 | 0 | |a investori |
| 610 | 2 | 0 | |a inflácia |
| 610 | 2 | 0 | |a špekulácie |
| 100 | 1 | |a Růžička, Karel | |